Kings of Bacchus - Statistics

General Stats
  • This quiz has been taken 35 times
    5 since last reset
  • The average score is 44 of 57
Answer Stats
Answer % Correct
XLVIII 2016 Anthony Mackie
100%
XXI 1989 Billy Crystal
100%
V 1973 Bob Hope
100%
XV 1983 Charlton Heston
100%
I 1969 Danny Kaye
100%
XIV 1982 Dom Delouise
100%
XLII 2010 Drew Brees
100%
X 1978 Ed McMahon
100%
XXXVI 2004 Elijah Wood
100%
VI 1974 Glenn Campbell
100%
IX 1977 Henry Winkler
100%
XLVI 2014 Hugh Laurie
100%
XL 2008 Hulk Hogan
100%
VII 1975 Jackie Gleason
100%
XXXI 1999 Jim Belushi
100%
XLIX 2017 Jim Caviezel
100%
III 1971 Jim Nabors
100%
XXVII 1995 John Larroquette
100%
XVI 1984 Kirk Douglas
100%
XVII 1985 Lorne Greene
100%
XXXVIII 2006 Michael Keaton
100%
VIII 1976 Perry Como
100%
XII 1980 Pete Fountain
100%
IV 1972 Phill Harris
100%
II 1970 Raymond Burr
100%
XI 1979 Ron Howard
100%
XXXVII 2005 Sean Astin
100%
XIII 1981 Sgt. John McKeel,Jr.
100%
LVI 2025 Shaquille O'Neal
100%
XLIV 2012 Will Ferrell
100%
XX 1988 Alan Thicke
75%
XLIII 2011 Andy Garcia
75%
XXX 1998 Drew Carey
75%
XXIV 1992 Gerald McRaney
75%
XXV 1993 Harry Connick, Jr.
75%
L 2018 J.K. Simmons
75%
XVIII 1986 John Ritter
75%
XXXIII 2001 Larry King
75%
XXXIV 2002 Nicolas Cage
75%
LVII 2026 Patrick Warburton
75%
LII 2020 Robin Thicke
75%
XXIII 1991 Steve Guttenberg
75%
XXII 1990 Dennis Quaid
50%
XLV 2013 G.W. Bailey
50%
XXXIX 2007 James Gandolfini
50%
XXVI 1994 Jean Claude Van-Damme
50%
XLI 2009 Val Kilmer
50%
LIIII 2023 Adam Devine
25%
XXVIII 1996 Dick Clark
25%
XXXV 2003 Jon Lovitz
25%
LIII 2022 Josh Duhamel
25%
LV 2024 Kevin Dillon
25%
XXXII 2000 Luke Perry
25%
XXIX 1997 Tom Arnold
25%
XIX 1987 William Shatner
25%
LI 2019 Jensen Ackles
0%
XLVII 2015 John C. Reilly
0%
No matching quizzes found
Score Distribution
Percent of People with Each Score
Percentile by Number Answered
Your Score History
You have not taken this quiz since the last reset